000 01093 a2200217 4500
001 63347
005 20260407155931.0
008 260407a1969 arg spa d
003 AR-UNSa-BCEJYS
040 _aAR-UNSa-BCEJYS
_bspa
_cAR-UNSa-BCEJYS
080 _a517.1
_xIntroducción al análisis. (Cálculo)
245 1 0 _aTeoría y problemas de cálculo superior
264 1 _aBogotá :
_bLibros McGraw-Hill
_c1969
300 _a381 p.
_c28 cm.
505 _a1. Números - 2. Funciones, limites y continuidad - 3. Sucesiones - 4. Derivadas - 5. Integrales - 6. Derivadas parciales - 7. Vectores - 8. Aplicaciones de las derivadas parciales - 9. Integrales mútiples - 10. Integrales curvilineas, integrales de superficie y teoremas integrales - 11. Series - 12. Integrales impropias - 13. Funciones gamma y beta - 14. Series de Fourier - 15. Integrales de Fourier - 16. Integrales elípticas - 17. Funciones de variable compleja -
041 _aspa
942 _cBK
590 _aniveau_biblio:m niveau_hierar:0
100 1 _aSpiegel, Murray R.
700 1 _aCastaño Ceballos, Jesús Maria
999 _c8134
_d8134